000 00284nam a22001217a 4500
008 180424b xxu||||| |||| 00| 0 eng d
041 _aeng
080 _a043.3
100 _a0
101 _aINI-BA
245 _aSinjalizimi si Element i Sigurise ne Rruge
_cElezi, F
942 _2udc
_cBK
999 _c45446
_d45446